000 00304 a2200121 4500
001 66436
040 _cAnchieta - Pituba
240 1 0 _a1ª Avaliação de Geografia, 2º série
_lpor
245 1 0 _a1ª Avaliação de Geografia, 2º série
362 0 _a2018
650 4 _aGeografia e História
942 _cBK
999 _c66436
_d66436